Statistics for First 20 elements

Click here to take the quiz!

General Stats

  • This quiz has been taken 10 times
  • The average score is 16 of 20

Answer Stats

HintAnswer% Correct
CCarbon
100%
HeHelium
100%
HHydrogen
100%
LiLithium
100%
NNitrogen
100%
OOxygen
100%
CaCalcium
90%
MgMagnesium
90%
NeNeon
90%
ArArgon
80%
ClChlorine
80%
SiSilicon
80%
NaSodium
80%
BeBeryllium
70%
BBoron
70%
KPotassium
70%
SSulfur
70%
AlAluminum
60%
PPhosphorus
60%
FFlourine
50%

Score Distribution

Percentile by Number Answered

Percent of People with Each Score

Your Score History

You have not taken this quiz